Nasazování moderních diagnostických metod v PAVS a jejich dopad na řízení a organizaci údržby

Podrobná bibliografia
Hlavní autori: Polívka, Emil (Autor), Matějček, Petr (Autor), Bartoš, Juraj, 1919-1980 (Autor)
Médium: Článok
Jazyk:čeština
Fyzický popis:Tb. 1. Grafy 2. Sch. 1.
Predmet:

MARC

LEADER 00000nab a2200000 a 4500
001 vtls000305213
003 SK-MaSNL
005 20260304235908.0
008 160201c1987 xo 0 cze
015 |a SNBRA19rr/mm-uuuuu 
035 |a CL0315332 
040 |a SNKBUCL  |b slo  |c SNKBUCL  |e AACR2 
041 0 |a cze 
044 |a xo  |c SK 
080 |a 621.004.6:621.797:007.52:658.52.011.56  |2 1981 
080 |a 621.797  |2 1981 
080 |a 007.52  |2 1981 
080 |a 658.52.011.56  |2 1981 
100 1 |a Polívka, Emil  |4 aut  |9 8291 
245 1 0 |a Nasazování moderních diagnostických metod v PAVS a jejich dopad na řízení a organizaci údržby  |c Emil Polívka, Petr Matějček, J. Bartoš 
300 |b Tb. 1. Grafy 2. Sch. 1. 
650 0 7 |a strojárstvo  |2 snkbucl  |9 674 
650 0 7 |a systémy výrobné automatizované  |2 snkbucl  |9 727816 
650 0 7 |a údržba strojná  |2 snkbucl  |9 942247 
650 0 7 |a technická diagnostika  |2 snkbucl  |9 3986 
655 7 |a články zo zborníkov  |2 snkbucl  |9 166140 
700 1 |a Matějček, Petr  |4 aut  |9 9317 
700 1 |a Bartoš, Juraj,  |d 1919-1980  |4 aut  |9 54077 
773 0 |t Technická diagnostika číslicovo riadených obrábacích strojov  |d Žilina : Dom techniky ČSVTS, 1987  |g S. 80-91 
850 |a Slovenská národná knižnica v Martine  |a MTA001 
852 |a SNK  |b KIS3GCP 
958 |a RK 
958 |a CZ 
992 |a RZB 
999 |c 3211144  |d 3213074